Tous les clubs italiens ayant participés à la Ligue des Champions - Statistiques

Statistiques générales
  • Ce quiz a été pris 219 fois
    49 depuis la dernière actualisation
  • Le résultat moyen est 13 sur 16
Statistiques - réponses
1ère participation Dernière participation Nombres participations Clubs % Correct
1955-56 2024-25 32 AC Milan
100%
1983-84 2026-27 13 AS Roma
100%
1963-64 2026-27 27 Inter Milan
100%
1961-62 2025-26 35 Juventus
100%
1987-88 2026-27 11 Napoli
100%
1999-2000 2020-21 6 Lazio
98%
2019-20 2025-26 6 Atalanta
89%
1997-98 1997-98 1 Parme
83%
1976-77 1976-77 1 Torino
83%
2024-25 2024-25 1 Bologne
81%
2026-27 2026-27 1 Cômo
79%
1956-57 2009-10 5 Fiorentina
79%
1991-92 1991-92 1 Sampdoria
72%
1985-86 1985-86 1 Hellas Vérone
66%
2005-06 2005-06 1 Udinese
64%
1970-71 1970-71 1 Cagliari
53%
Aucun quiz correspondant
Distribution des résultats
% des personnes avec chaque résultat
Percentile par nombre de réponses
Votre historique - résultats
Vous n’avez pas pris ce quiz depuis la dernière actualisation